Parties without Partisans. Political Change in Advanced Industrial Democracies. Part III: Parties in Government /

Gespeichert in:
Bibliographische Detailangaben
1. Verfasser: Dalton, Russell J.
Weitere Verfasser: ed. Wattenberg, Martin P. ed
Format: Text
Veröffentlicht: New York: Oxford University Press
Schlagworte:
Tags: Tag hinzufügen
Keine Tags, Fügen Sie den ersten Tag hinzu!

MARC

LEADER 00000 a a2200000 04500
001 28804
003
040
020 |a 0 19-925309-9  
090 |a 189610  
100 |a Dalton, Russell J.  
245 |a Parties without Partisans. Political Change in Advanced Industrial Democracies. Part III: Parties in Government /  |c Russell J. Dalton 
260 |a New York:   |b Oxford University Press  
300 |a 351 p  
500 |a Contiene índice y listas de gráficos y tablas.Incluye anotación curricular de los autoresContiene índice y listas de gráficos y tablas.Incluye anotación curricular de los autores en pp. xii-xiv  
650 |a DECLARACIONES  
650 |a PARTIDOS POLITICOS  
650 |a DEMOCRACIA  
650 |a GLOBALIZACION  
650 |a ECONOMIA  
650 |a PARTIDOS POLITICOS  
650 |a SISTEMAS PARTIDARIOS  
700 |a ed.   |a Wattenberg, Martin P.   |a ed.  
999 |c 8805  |d 8805